000 00710nam a2200205Ii 4500
003 JO-AjNU
008 230605s9999||||xx |||||||||||||| ||und||
020 _a2-88145-057-1
040 _aJO-AjNU
_bara
_erda
_cJO-AjNU
041 _aara
050 1 4 _aDS5545.S7.D6612
100 3 _aدونان، هنري؛ تعريب سامي جرجس,
_eauthor
_947336
245 0 0 _aتذكار سولفرينو
264 3 1 _aالقاهرة: اللجنة الدولية للصليب الاحمر، د.ت
300 _a126ص
336 _atext
_btxt
_2rdacontent
337 _aunmediated
_bn
_2rdamedia
338 _avolume
_bnc
_2rdacarrier
650 4 _aمعركة سولفرينو -1859 - ايطاليا - تاريخ
_947337
999 _aA20656
_c24224
_d24224